000 00418 a2200169 4500
001 68764
020 _a9788538051176
040 _cAnchieta - Itaigara
100 _aMarenco, Susan
240 1 0 _aBarbie Quero Ser... Artista Plástica
_lpor
245 1 0 _aBarbie Quero Ser... Artista Plástica
300 _a29
362 0 _a2013
440 1 _aCiranda Cultural
650 4 _aLiteratura infanto-juvenil
942 _cBK
999 _c68764
_d68764